=LDR 00000nam 2200000 4500 =001 INLIS000000000028330 =005 20130612130638 =008 ***********************************Ind** =035 ##$$0010-061300000028330 =041 ##$$a Ind =082 ##$$a F.Rom.D =090 ##$$a F.Rom.D, Gib k =100 ##$$a Gibran, Kahlil =245 ##$$a Kisah-kisah cinta, Kahlil Gibran =260 ##$$a 2004 $b Yogyakarta =300 ##$$a 88 hlm, 19 cm =650 ##$$a Fiksi Dewasa =850 ##$$a NBPNMAT